000 00460nam a2200157 i 4500
001 45736
003 ES-MaACL
005 20230906161252.0
007 t|
008 030326s1973 sp ||||1| spa d
100 1 _aCommelerán, Alberto.
_940013
245 1 0 _aTratado elemental de dibujo
_b: láminas, series A y H /
_cAlberto Commelerán.
260 _a[Madrid] :
_bHernando,
_c[1973]
300 _a40 lám. ;
_c15 cm.
852 _aES-MaACL
_jC-56219
_bR.88895
999 _c45736
_d45736